10 największych miast w Wielkopolsce - Statystyki

Ogólne statystyki
  • Ten quiz został rozwiązany 186 razy
  • Średni wynik to 7 z 10
Statystyki odpowiedzi
Liczba ludności Miasto % Poprawnych
548 028 Poznań
100%
103 997 Kalisz
85%
77 224 Konin
81%
74 609 Piła
80%
69 883 Gniezno
75%
64 589 Leszno
74%
72 890 Ostrów Wielkopolski
58%
30 152 Śrem
37%
31 084 Swarzędz
36%
30 676 Luboń
26%
Nie znaleziono quizów pasujących do podanych kryteriów
Rozkład punktacji
Procent ludzi z każdym wynikiem
Percentyl według liczby udzielonych odpowiedzi
Twoja historia wyników
Nie rozwiązałeś tego quizu